00383nam a2200097 a 4500008004100000050002200041110005900063245007900122260007400201300001000275150813s2014 ||||||||||||||||| || u aCOMESA(02)2014/4A aCommon Market for Eastern and Southern Africa (COMESA)10aCOMESA in briefcby Common Market for Eastern and Southern Africa [COMESA] aLusaka:bCommon Market for Eastern and Southern Africa (COMESA)c2014 a24p.: